<?xml version="1.0" encoding="UTF-8"?>
<record
    xmlns:xsi="http://www.w3.org/2001/XMLSchema-instance"
    xsi:schemaLocation="http://www.loc.gov/MARC21/slim http://www.loc.gov/standards/marcxml/schema/MARC21slim.xsd"
    xmlns="http://www.loc.gov/MARC21/slim">

  <leader>03574nam a2200589Ia 4500</leader>
  <controlfield tag="001">4450</controlfield>
  <controlfield tag="008">241029s9999    xx            000 0 und d</controlfield>
  <datafield tag="010" ind1=" " ind2=" ">
    <subfield code="a">4191</subfield>
  </datafield>
  <datafield tag="041" ind1=" " ind2=" ">
    <subfield code="a">Espa&#xF1;ol</subfield>
  </datafield>
  <datafield tag="082" ind1=" " ind2=" ">
    <subfield code="a">MGC.14-021    </subfield>
  </datafield>
  <datafield tag="245" ind1=" " ind2="0">
    <subfield code="a">Factores que inciden en el proceso de ense&#xF1;anza y aprendizaje de la lectoescritura de los alumnos del 2do. Grado del Primer Ciclo de B&#xE1;sica, Tanda Vespertina Escuela Manuel Joaqu&#xED;n Cruz, Distrito Educativo 07-06, San Francisco de Macor&#xED;s, Rep&#xFA;blica Dominicana en el Per&#xED;odo Escolar 2013-2014</subfield>
  </datafield>
  <datafield tag="260" ind1=" " ind2=" ">
    <subfield code="a">Santiago</subfield>
  </datafield>
  <datafield tag="300" ind1=" " ind2=" ">
    <subfield code="a">122</subfield>
  </datafield>
  <datafield tag="520" ind1=" " ind2=" ">
    <subfield code="a">5</subfield>
  </datafield>
  <datafield tag="630" ind1=" " ind2=" ">
    <subfield code="a">Aptitudes</subfield>
  </datafield>
  <datafield tag="630" ind1=" " ind2=" ">
    <subfield code="a">Bajo Rendimiento</subfield>
  </datafield>
  <datafield tag="630" ind1=" " ind2=" ">
    <subfield code="a">H&#xE1;bito de Lectura</subfield>
  </datafield>
  <datafield tag="630" ind1=" " ind2=" ">
    <subfield code="a">Lectoescritura</subfield>
  </datafield>
  <datafield tag="630" ind1=" " ind2=" ">
    <subfield code="a">Proceso de Ense&#xF1;anza-Aprendizaje</subfield>
  </datafield>
  <datafield tag="650" ind1=" " ind2=" ">
    <subfield code="a">Competencia Ling&#xFC;&#xED;stica</subfield>
  </datafield>
  <datafield tag="690" ind1=" " ind2=" ">
    <subfield code="a">Elaborado</subfield>
  </datafield>
  <datafield tag="700" ind1=" " ind2=" ">
    <subfield code="e">asesor</subfield>
    <subfield code="a">Jimini&#xE1;n, Yanet Y. </subfield>
  </datafield>
  <datafield tag="700" ind1=" " ind2=" ">
    <subfield code="e">autor</subfield>
    <subfield code="a">Jim&#xE9;nez, Janely </subfield>
  </datafield>
  <datafield tag="700" ind1=" " ind2=" ">
    <subfield code="e">autor</subfield>
    <subfield code="a">Rodr&#xED;guez, Carmen </subfield>
  </datafield>
  <datafield tag="700" ind1=" " ind2=" ">
    <subfield code="e">autor</subfield>
    <subfield code="a">Payano ,  Alberto</subfield>
  </datafield>
  <datafield tag="901" ind1=" " ind2=" ">
    <subfield code="a">{"1":"Jim&#xE9;nez","2":"Rodr&#xED;guez","3":"Payano "}</subfield>
    <subfield code="b">{"1":"Janely ","2":"Carmen ","3":" Alberto"}</subfield>
  </datafield>
  <datafield tag="902" ind1=" " ind2=" ">
    <subfield code="a">1</subfield>
  </datafield>
  <datafield tag="903" ind1=" " ind2=" ">
    <subfield code="a">{"1":"Jimini&#xE1;n"}</subfield>
    <subfield code="b">{"1":"Yanet Y. "}</subfield>
  </datafield>
  <datafield tag="904" ind1=" " ind2=" ">
    <subfield code="a">Mag&#xED;ster en</subfield>
  </datafield>
  <datafield tag="905" ind1=" " ind2=" ">
    <subfield code="a">Gesti&#xF3;n de Centros Educativos</subfield>
  </datafield>
  <datafield tag="906" ind1=" " ind2=" ">
    <subfield code="a">2</subfield>
  </datafield>
  <datafield tag="907" ind1=" " ind2=" ">
    <subfield code="a">NO APLICA</subfield>
  </datafield>
  <datafield tag="908" ind1=" " ind2=" ">
    <subfield code="a">NO APLICA</subfield>
  </datafield>
  <datafield tag="909" ind1=" " ind2=" ">
    <subfield code="a">Universidad Abierta para Adultos (UAPA), Recinto Santiago</subfield>
  </datafield>
  <datafield tag="910" ind1=" " ind2=" ">
    <subfield code="a">NULL</subfield>
    <subfield code="b">NULL</subfield>
  </datafield>
  <datafield tag="911" ind1=" " ind2=" ">
    <subfield code="a">["1"]</subfield>
  </datafield>
  <datafield tag="912" ind1=" " ind2=" ">
    <subfield code="a">NO APLICA</subfield>
  </datafield>
  <datafield tag="913" ind1=" " ind2=" ">
    <subfield code="a">NULL</subfield>
  </datafield>
  <datafield tag="914" ind1=" " ind2=" ">
    <subfield code="a">13 de Mayo de 2014</subfield>
  </datafield>
  <datafield tag="915" ind1=" " ind2=" ">
    <subfield code="a">12/07/15 08:07</subfield>
  </datafield>
  <datafield tag="916" ind1=" " ind2=" ">
    <subfield code="a">NULL</subfield>
  </datafield>
  <datafield tag="917" ind1=" " ind2=" ">
    <subfield code="a">NULL</subfield>
  </datafield>
  <datafield tag="918" ind1=" " ind2=" ">
    <subfield code="a">NO APLICA</subfield>
  </datafield>
  <datafield tag="919" ind1=" " ind2=" ">
    <subfield code="a">["22","27","115","128","163"]</subfield>
  </datafield>
  <datafield tag="520" ind1=" " ind2=" ">
    <subfield code="a">El Estudio plante&#xF3; como objetivo general analizar los factores que Inciden en el proceso de ense&#xF1;anza &#xA0;y aprendizaje de la Lectoescritura de los alumnos del 2do grado del primer ciclo de B&#xE1;sica, Tanda Vespertina Escuela Manuel Joaqu&#xED;n Cruz, Distrito Educativo 07-06, San Francisco de Macor&#xED;s.&#xA0;El trabajo de investigaci&#xF3;n fue de tipo documental, de campo y descriptivo, con un enfoque cuantitativo. En &#xE9;l, se emplearon las t&#xE9;cnica de la encuesta y la entrevista, y como instrumento el cuestionario. El universo del estudio lo compusieron 32 estudiantes del nivel objeto estudio, &#xA0;4 docentes y el director del centro educativo.El estudio encontr&#xF3; en lo referente a identificar los factores que inciden &#xA0;en el proceso de ense&#xF1;anza y aprendizaje de la Lectoescritura, que el 82% opin&#xF3; que existen varios &#xA0;factores que influyen &#xA0;para que los alumnos de la muestra &#xA0;puedan desarrollar &#xA0;las competencias de Lectoescritura, entre &#xA0;los que citaron: la motivaci&#xF3;n del estudiante, la poca participaci&#xF3;n de padres en el proceso, la influencia del entorno social etc. Mientras que los docentes emplean estrategias tales como: el trabajo grupal, &#xA0;trabajo individual y canciones; siendo estas estrategias insuficientes para el logro de los objetivos esperados en los ni&#xF1;os, ya que existen un sin n&#xFA;mero de estrategias que pueden ser utilizadas para la ense&#xF1;anza.&#xA0;&#xA0;Se &#xA0;determin&#xF3; &#xA0;que el m&#xE9;todo utilizado &#xA0;por los docentes &#xA0; es el sint&#xE9;tico, puesto que &#xA0;un 88% de los alumnos presentan problemas de lectura, producci&#xF3;n y comprensi&#xF3;n de textos.Los resultados permitieron recomendar al equipo directivo y docente del centro educativo Manuel Joaqu&#xED;n Cruz, implementar estrategias que permitan un mayor rendimiento en la Lectoescritura de este nivel.</subfield>
  </datafield>
  <datafield tag="921" ind1=" " ind2=" ">
    <subfield code="a">11</subfield>
  </datafield>
  <datafield tag="922" ind1=" " ind2=" ">
    <subfield code="a">11</subfield>
  </datafield>
  <datafield tag="923" ind1=" " ind2=" ">
    <subfield code="a">0</subfield>
  </datafield>
  <datafield tag="924" ind1=" " ind2=" ">
    <subfield code="a">NO APLICA</subfield>
  </datafield>
  <datafield tag="942" ind1=" " ind2=" ">
    <subfield code="c">Tesis</subfield>
  </datafield>
  <datafield tag="999" ind1=" " ind2=" ">
    <subfield code="c">4191</subfield>
    <subfield code="d">4191</subfield>
  </datafield>
</record>
